Visualizzazione normale
Vista MARC
- Fundación San Millán de la Cogolla (España)
di Corporate Name
Records bibliografici associati: 2
001 - CONTROL NUMBER
- control field: 3585
003 - CONTROL NUMBER IDENTIFIER
- control field: IT-RoINE
005 - DATE AND TIME OF LATEST TRANSACTION
- control field: 20140131130958.0
008 - FIXED-LENGTH DATA ELEMENTS
- fixed length control field: 140131|| aca||aabn | a|a d
040 ## - CATALOGING SOURCE
- Original cataloging agency: IT-RoINE
- Transcribing agency: IT-RoINE
110 ## - HEADING--CORPORATE NAME
- Corporate name or jurisdiction name as entry element: Fundación San Millán de la Cogolla (España)
670 ## - SOURCE DATA FOUND
- Source citation: Work cat.: (IT-RoINE)0: Sánchez Caro, José Manuel, 2676 1940-, Biblia e ilustración :, 2012.